• Petruzzelli, Francesco

di Personal Name

Records bibliografici associati: 1

001 - CONTROL NUMBER

  • control field: 57180

003 - CONTROL NUMBER IDENTIFIER

  • control field:

005 - DATE AND TIME OF LATEST TRANSACTION

  • control field: 20180512164214.0

008 - FIXED-LENGTH DATA ELEMENTS

  • fixed length control field: 180512|| aca||aabn | a|a d

040 ## - CATALOGING SOURCE

  • Original cataloging agency:
  • Transcribing agency:

100 ## - HEADING--PERSONAL NAME

  • Personal name: Petruzzelli, Francesco
  • Relator term: Introduzione e traduzione, note e apparati a Averroè e l'averroismo

670 ## - SOURCE DATA FOUND

  • Source citation: Work cat.: ()0: Renan, Ernest. 66422 autore aut 1823-1892, Scritti filosofici /, 2008.
CREDITS: SOCIETA' SAN PAOLO Via A.Severo, 58 - ROMA (RM) & PERIODICI SAN PAOLO SRL Via Giotto, 36 MILANO & CISF Via Giotto, 36 MILANO & EDIZIONI SAN PAOLO SRL,  Piazza Soncino, 5 CINISELLO BALSAMO (MI) -- ITALY